Normal view
MARC view
- Strum, Robert D
Entry Personal Name
001 - CONTROL NUMBER
- control field: 103099
003 - CONTROL NUMBER IDENTIFIER
- control field: NUST
005 - DATE AND TIME OF LATEST TRANSACTION
- control field: 20221118174027.0
008 - FIXED-LENGTH DATA ELEMENTS
- fixed length control field: 221118|| aca||aabn | a|a d
040 ## - CATALOGING SOURCE
- Original cataloging agency: NUST
- Transcribing agency: NUST
100 ## - HEADING--PERSONAL NAME
- Personal name: Strum, Robert D
670 ## - SOURCE DATA FOUND
- Source citation: Work cat.: (NUST)180827: Strum, Robert D., First principles of discrete systems and digital signal processing /, c1988.
